Wheel of Time Green Ajah Sudden Death - Statistics

General Stats
  • This quiz has been taken 36 times
  • The average score is 7 of 20
Answers on the Grid
Answers color-coded by a green-red scale on the quiz's grid according to % correct below.
Beldeine Nyram
Faolain Orande
Vasha
Takima Deraighdin
Faiselle Darone
Magla Daronos
Faeldrin Harella
Moiraine Damodred
Siuan Sanche
Kiruna Nachiman
Bera Harkin
Alanna Mosvani
Saerin Asnobar
Vandene Namelle
Asne Zeramene
Meidani Eschede
Ester Stapashin
Covarla Baldene
Talene Minly
Tsutama Rath
Nalasia Merhan
Mirlene Cornwell
Elayne Trakand
Rina Hafden
Lelaine Akashi
Adelorna Bastine
Ludice Daneen
Myrelle Berengari
Teramina
Josaine
Marthera
Nelavaire Demasiellin
Norine Dovarna
 
Answer Stats
Answer % Correct
Alanna Mosvani
82%
Elayne Trakand
73%
Myrelle Berengari
59%
Bera Harkin
50%
Kiruna Nachiman
50%
Talene Minly
50%
Vandene Namelle
50%
Beldeine Nyram
45%
Adelorna Bastine
41%
Asne Zeramene
32%
Josaine
32%
Faeldrin Harella
27%
Faiselle Darone
27%
Ester Stapashin
23%
Rina Hafden
23%
Vasha
23%
Marthera
14%
Teramina
14%
Mirlene Cornwell
9%
Nelavaire Demasiellin
9%
No matching quizzes found
Score Distribution
Percent of People with Each Score
Percentile by Number Answered
Your Score History
You have not taken this quiz